Liverpool FC Results 2018/19 - Statistics

General Stats
  • This quiz has been taken 6 times
  • The average score is 24 of 112
Answer Stats
Match Score and Scorers % Correct
12/8: Liverpool vs West Ham 4-0
83%
Salah
83%
1/9: Leicester vs Liverpool 1-2
50%
22/9: Liverpool vs Southampton 3-0
50%
16/12: Liverpool vs Man United 3-1
50%
Mané
50%
Mané
50%
Mané (2)
50%
Salah
50%
Sturridge
50%
24/2: Man United vs Liverpool 0-0
33%
20/8: Crystal Palace vs Liverpool 0-2
33%
25/8: Liverpool vs Brighton 1-0
33%
3/11: Arsenal vs Liverpool 1-1
33%
30/1: Liverpool vs Leicester 1-1
33%
4/2: West Ham vs Liverpool 1-1
33%
15/9: Tottenham vs Liverpool 1-2
33%
5/4: Southampton vs Liverpool 1-3
33%
12/5: Liverpool vs Wolves 2-0
33%
3/1: Man City vs Liverpool 2-1
33%
19/1: Liverpool vs Crystal Palace 4-3
33%
29/12: Liverpool vs Arsenal 5-1
33%
Firmino
33%
Firmino
33%
Firmino (3)
33%
Henderson
33%
Mané
33%
Mané
33%
Milner
33%
O.G
33%
Salah
33%
Shaqiri
33%
Wijnaldum
33%
7/10: Liverpool vs Man City 0-0
17%
3/3: Everton vs Liverpool 0-0
17%
20/10: Huddersfield vs Liverpool 0-1
17%
12/1: Brighton vs Liverpool 0-1
17%
21/12: Wolves vs Liverpool 0-2
17%
21/4: Cardiff vs Liverpool 0-2
17%
24/11: Watford vs Liverpool 0-3
17%
8/12: Bournemouth vs Liverpool 0-4
17%
2/1: Liverpool vs Everton 1-0
17%
29/9: Chelsea vs Liverpool 1-1
17%
17/3: Fulham vs Liverpool 1-2
17%
5/12: Burnley vs Liverpool 1-3
17%
11/11: Liverpool vs Fulham 2-0
17%
14/4: Liverpool vs Chelsea 2-0
17%
31/3: Liverpool vs Tottenham 2-1
17%
4/5: Newcastle vs Liverpool 2-3
17%
9/2: Liverpool vs Bournemouth 3-0
17%
27/10: Liverpool vs Cardiff 4-1
17%
27/2: Liverpool vs Watford 5-0
17%
26/4: Liverpool vs Huddersfield 5-0
17%
Firmino
17%
Firmino
17%
Firmino
17%
Keita
17%
Lovren
17%
Mané
17%
Mané
17%
Mané
17%
Mané
17%
Mané
17%
Mané (2)
17%
Mané (2)
17%
Mané (2)
17%
Mané (2)
17%
Matip
17%
Milner
17%
Milner
17%
Milner
17%
O.G
17%
O.G
17%
Origi
17%
Origi
17%
Salah
17%
Salah
17%
Salah
17%
Salah
17%
Salah
17%
Salah
17%
Salah
17%
Salah
17%
Salah
17%
Salah
17%
Salah (2)
17%
Salah (2)
17%
Salah (3)
17%
Shaqiri
17%
Shaqiri
17%
Shaqiri
17%
Shaqiri
17%
Sturridge
17%
Van Dijk
17%
Van Dijk
17%
Wijnaldum
17%
26/12: Liverpool vs Newcastle 4-0
0%
10/3: Liverpool vs Burnley 4-2
0%
Fabinho
0%
Firmino
0%
Firmino
0%
Firmino (2)
0%
Keita
0%
Mané
0%
Mané (2)
0%
Milner
0%
Origi
0%
Salah
0%
Salah
0%
Trent
0%
Van Dijk (2)
0%
Wijnaldum
0%
No matching quizzes found
Score Distribution
Percent of People with Each Score
Percentile by Number Answered
Your Score History
You have not taken this quiz